000 00418nam a22001697a 4500
005 20160521155903.0
008 160521b xxu||||| |||| 00| 0 eng d
020 _a9780706986082
041 _aeng
082 _b3961
100 _aChandan J.S. & Singh J.
_9989
245 _aBusiness Statistics
260 _aNew Delhi
_bVikas Publishing House (P) Ltd.
300 _a447
650 _aManagement
_9241
942 _cBK
999 _c1348
_d1348